Programma 1990 /

Salvato in:
Dettagli Bibliografici
Enti autori: Centro culturale Virginia Woolf. Gruppo B (Autore), Università delle donne (Autore)
Natura: Libro
Lingua:italiano
Pubblicazione: Roma : Centro Culturale Virginia Woolf, [1990?]
Tags: Aggiungi Tag
Nessun Tag, puoi essere il primo ad aggiungerne!!

MARC

LEADER 00000nam a22000007i 4500
001 IT\ICCU\RMB\0740235
003 ItRI
005 20260115232357.0
008 100929s1990 it |||||| ||||| |||||c
040 |b ita  |c importazione bologna sebina 
041 7 |a ita  |2 ISO-639-2 
110 2 |a Centro culturale Virginia Woolf.  |b Gruppo B  |0 IT\ICCU\LO1V\024271  |4 aut 
245 0 0 |a Programma 1990 /  |c Gruppo B ; Centro Culturale Virginia Woolf, Universita delle Donne. 
260 |a Roma :  |b Centro Culturale Virginia Woolf,  |c [1990?] 
300 |a 26 p. ;  |c 21 cm. 
710 2 |a Università delle donne  |0 IT\ICCU\MODV\118417  |4 aut 
942 |2 ddc  |c BK  |n 0 
952 |0 0  |1 0  |4 0  |6 DOC_305_420000000000000_PRO  |7 0  |9 25080  |a BO  |b BO  |d 2026-01-15  |i 20845  |l 0  |o DOC 305.42 PRO  |p BO20845  |r 2026-01-15 23:23:57  |w 2026-01-15  |x [Sebina 7] [1 v.]  |y BK  |z 1 v. 
999 |c 21312  |d 21312